000 01598nam0a22002891 4500
001 rc\4748355
005 20260407150350.0
021 _aRU
_b[61-33878]
035 _a(NLR Aleph) 009008873
090 _a9354573
_c9354573
100 _a20130417d1961 |||y0rusy50 ca
101 0 _arus
102 _aRU
105 _aa z |||||
200 1 _aВопросы производства тампонажных цементов и технологии цементирования нефтяных скважин
_e(Материалы совещаний науч.-техн. комиссии ГНТК Совета Министров СССР по тампонажным цементам)
_fПод ред. проф. Н.И. Титкова
_gГос. науч.-техн. ком. Совета Министров РСФСР. Гос. науч.-исслед. ин-т науч. и техн. информации
210 _aМосква
_cГосИНТИ
_d1961
215 _a255 с.
_cчерт.
_d29
606 _aНефтяные скважины
_xТампонаж
_jСборники
_2psbo
606 _aТампонажные растворы, цементные
_xПроизводство
_jСборники
_2psbo
702 1 _4340
_7ca
_8rus
_aТитков
_bН. И.
_f1904-1987
_gНиколай Иосафович
_9271276
_3RU\NLR\AUTH\770271332
712 0 2 _aНИИ научной и технической информации
_cМосква
_3RU\NLR\AUTH\8810024840
_9547909
801 0 _aRU
_bNLR
_gpsbo
801 1 _aRU
_bELAR
_2rusmarc
852 _aNLR
_j61-8/1394
942 _cBOOK
980 _aNB